Benchmarking for competitive advantage

Benchmarking is a highly-effective structural approach to quality engineering and management that is finding wide acceptance among managers everywhere. It involves investigating industry's best practices, analyzing and evaluating one's own operation for opportunities, and implementing an a...

Cijeli opis

Spremljeno u:
Bibliografski detalji
Glavni autor: Bendell, Tony
Format: Knjiga
Jezik:Undetermined
Izdano: London Pitman 1998
Teme:
Oznake: Dodaj oznaku
Bez oznaka, Budi prvi tko označuje ovaj zapis!
Thư viện lưu trữ: Trung tâm Học liệu Trường Đại học Cần Thơ
LEADER 01144nam a2200205Ia 4500
001 CTU_155919
008 210402s9999 xx 000 0 und d
020 |c 612000 
082 |a 658.8 
082 |b B458 
100 |a Bendell, Tony 
245 0 |a Benchmarking for competitive advantage 
245 0 |c Tony Bendell, Louise Boulter, Paul Goodstadt 
260 |a London 
260 |b Pitman 
260 |c 1998 
520 |a Benchmarking is a highly-effective structural approach to quality engineering and management that is finding wide acceptance among managers everywhere. It involves investigating industry's best practices, analyzing and evaluating one's own operation for opportunities, and implementing an action plan that includes the structure of goals, objective, and operating targets. This sure-fire guide shows managers, engineers, and quality personnel what the benchmarking process is all about, how it can help them, and how they can implement the process in their organization--to achieve spectacular results! 
650 |a Business management 
904 |i Bằng 
980 |a Trung tâm Học liệu Trường Đại học Cần Thơ